000 00544nam a2200217Ia 4500
003 OSt
005 20230426120205.0
008 210423s2011 xx 000 0 und d
020 _a9789380108063
040 _cAL
041 _aeng
082 _a515 BILG
_223
100 _aBILODEAU (Gerald G);others.
_993355
245 _aIntroduction to analysis.
250 _a2
260 _aNew Delhi
_bJones & Bartlett Publishers
_c2011
300 _axiii,333
_bPB
365 _b250
_cINR
906 _aanalysis. ; Introduction
942 _2ddc
_cBK
999 _c161704
_d161704